[Event "ch-FRA Top 16 GpA"]
[Site "Noyon FRA"]
[Date "2005.04.01"]
[Round "5"]
[White "Nezar,M"]
[Black "Galdunts,S"]
[Result "1-0"]
[WhiteElo "2375"]
[BlackElo "2489"]
[EventDate "2005.03.31"]

1. e4 e5 2. Nf3 Nc6 3. Bb5 a6 4. Ba4 Nf6 5. O-O Be7 6. Re1 b5 7. Bb3 d6 8.
c3 O-O 9. a4 Bb7 10. d4 exd4 11. cxd4 d5 12. e5 Ne4 13. Nbd2 Nb4 14. Nf1 c5
15. dxc5 Nxc5 16. axb5 axb5 17. Rxa8 Qxa8 18. Nd4 Qc8 19. Bc2 Nxc2 20. Qxc2
Re8 21. Be3 b4 22. Rc1 Bf8 23. Nb5 d4 24. Nxd4 Qa8 25. f4 Be4 26. Qe2 Bd3
27. Qf3 Qa2 28. Qc6 Rd8 29. Rxc5 Bxc5 30. Qxc5 Qb1 31. Bc1 Bxf1 32. Kxf1 h5
33. Kf2 h4 34. Ne2 b3 35. Qe7 Rc8 36. e6 Rf8 37. exf7+ Rxf7 38. Qe8+ Rf8
39. Qe6+ Kh7 40. Qxb3 Re8 41. Qc3 Qe4 42. Qf3 Qf5 43. Nd4 Qa5 44. Be3 Rb8
45. Qe4+ Kh8 46. Qc2 Qa2 47. b4 Qf7 48. b5 Ra8 49. Ne2 h3 50. Qc6 Re8 51.
gxh3 Re6 52. Qa8+ Re8 53. Qf3 Rc8 54. b6 Re8 55. Bd4 Rd8 56. Be5 Rd5 57.
Qc3 Rd7 58. Qc8+ Kh7 59. Qc6 Re7 60. Qb5 g6 61. Nd4 Qa2+ 62. Kg3 g5 63.
Qd3+ 1-0

[Event "ch-FRA Top 16 GpA"]
[Site "Noyon FRA"]
[Date "2005.04.01"]
[Round "5"]
[White "Mensch,E"]
[Black "Marzolo,C"]
[Result "0-1"]
[WhiteElo "2360"]
[BlackElo "2428"]
[EventDate "2005.03.31"]

1. d4 Nf6 2. c4 g6 3. f3 c5 4. d5 Bg7 5. Nc3 d6 6. e4 O-O 7. Be3 a6 8. a4
e6 9. Qd2 exd5 10. cxd5 Re8 11. Be2 h5 12. a5 b5 13. axb6 Qxb6 14. Bd1 a5
15. Ba4 Bd7 16. Nge2 Bxa4 17. Rxa4 Nbd7 18. O-O Reb8 19. Rfa1 Qxb2 20. Qxb2
Rxb2 21. Rxa5 Rxa5 22. Rxa5 Ne5 23. Ra2 Rb3 24. Bf4 Nfd7 25. Rc2 Kf8 26.
Nc1 Rb4 27. N3a2 Ra4 28. Kf2 f5 29. Bxe5 Nxe5 30. exf5 gxf5 31. Ne2 Nd3+
32. Kf1 Kf7 33. g3 h4 34. Rd2 Ne5 35. Kf2 Ra3 36. f4 Ng4+ 37. Kg2 Ne3+ 38.
Kf2 Nc4 39. Rc2 hxg3+ 40. hxg3 Nb2 41. Nac1 Nd3+ 42. Kf1 Ra1 43. Ra2 Rb1
44. Ra7+ Kg6 45. Rd7 Bf8 46. Kg2 Nxc1 47. Ng1 Nd3 48. Nh3 Nb4 49. Ng5 Nxd5
50. Ne6 Be7 0-1

[Event "ch-FRA Top 16 GpA"]
[Site "Noyon FRA"]
[Date "2005.04.01"]
[Round "5"]
[White "Spielmann,Al"]
[Black "Netzer,J"]
[Result "1-0"]
[WhiteElo "2249"]
[BlackElo "2384"]
[EventDate "2005.03.31"]

1. Nf3 d6 2. d4 f5 3. g3 Nf6 4. Bg2 g6 5. O-O Bg7 6. c4 O-O 7. Nc3 Qe8 8.
d5 a5 9. Be3 Na6 10. Qd2 Bd7 11. Rad1 Rb8 12. Ba7 Rc8 13. Bd4 c5 14. dxc6
Bxc6 15. Nd5 e5 16. Nxf6+ Rxf6 17. Bb6 a4 18. b4 axb3 19. axb3 Nc5 20. Bxc5
dxc5 21. Ne1 e4 22. Nc2 Ra8 23. b4 Ba4 24. bxc5 Rf7 25. Rb1 Rd7 26. Qc1
Rad8 27. Ne3 Qf8 28. Qa3 Bc6 29. Nd5 Ra8 30. Qe3 Ra5 31. Rfd1 Qxc5 32. Qg5
Kf7 33. Ne3 Rxd1+ 34. Rxd1 Ra8 35. g4 h6 36. Qf4 Be5 37. Qxh6 Rh8 38. Qg5
Bf6 39. Qf4 Be5 40. Qg5 f4 41. Nd5 Qd6 42. Bxe4 Re8 43. c5 Qe6 44. Nxf4
Bxf4 45. Qxf4+ Qf6 46. Qxf6+ Kxf6 47. Bxc6 bxc6 48. Rd6+ Kg5 49. h3 Rxe2
50. Rxc6 Rc2 51. Kg2 Kh6 52. Kg3 Rc4 53. h4 Rc2 54. h5 Kh7 55. hxg6+ Kh6
56. g5+ Kxg5 57. g7 Rc3+ 58. Kg2 Kh5 59. Rh6+ 1-0

[Event "ch-FRA Top 16 GpA"]
[Site "Noyon FRA"]
[Date "2005.04.01"]
[Round "5"]
[White "Heinz,Ti"]
[Black "Franc,N"]
[Result "1-0"]
[WhiteElo "2198"]
[BlackElo "2067"]
[EventDate "2005.03.31"]

1. e4 e5 2. Nf3 d6 3. d4 Qe7 4. Nc3 c6 5. dxe5 dxe5 6. Bc4 Bg4 7. Bg5 Nf6
8. h3 Bh5 9. Qe2 h6 10. Bh4 Nbd7 11. g4 Bg6 12. O-O-O Nc5 13. Bg3 Nfd7 14.
Nh4 Nb6 15. Nxg6 fxg6 16. a3 Nxc4 17. Qxc4 Qf6 18. Rd2 Be7 19. Kb1 a5 20.
Rhd1 b5 21. Qa2 Rd8 22. Rxd8+ Bxd8 23. b4 Nb7 24. Ne2 Bc7 25. Qb3 Ke7 26.
Qc3 a4 27. Nc1 Rd8 28. Rxd8 Nxd8 29. Nd3 Nf7 30. Qc5+ Qd6 31. Qe3 Qf6 32.
Qa7 Qd6 33. f4 Ke6 34. fxe5 Qd8 35. Qc5 Nxe5 36. Bxe5 Bxe5 37. Qxe5+ Kf7
38. Qc5 Qf6 39. Qxc6 Qf1+ 40. Kb2 1-0

[Event "ch-FRA Top 16 GpA"]
[Site "Noyon FRA"]
[Date "2005.04.02"]
[Round "6"]
[White "Bricard,E"]
[Black "Collas,D"]
[Result "1/2-1/2"]
[WhiteElo "2434"]
[BlackElo "2418"]
[EventDate "2005.03.31"]

1. d4 d5 2. Bg5 h6 3. Bh4 c6 4. Nc3 Qb6 5. Rb1 e5 6. dxe5 Ne7 7. e3 Nd7 8.
Nf3 Nf5 9. Bg3 Bb4 10. Bd3 Nxg3 11. hxg3 Qc5 12. Kf1 Qe7 13. e4 Bxc3 14.
bxc3 dxe4 15. Bxe4 Nxe5 16. Nxe5 Qxe5 17. Qd4 Qxd4 18. cxd4 O-O 19. Ke2 Re8
20. Kd3 Re7 21. Rhe1 Kf8 22. c4 Be6 23. Kc3 Rd8 24. a4 Bc8 25. Bf3 Rxe1 26.
Rxe1 Re8 27. Rb1 Ke7 28. Re1+ Kd8 29. Rxe8+ Kxe8 30. Kb4 Kd7 31. d5 cxd5
32. Bxd5 1/2-1/2

[Event "ch-FRA Top 16 GpA"]
[Site "Noyon FRA"]
[Date "2005.04.02"]
[Round "6"]
[White "Koch,JR"]
[Black "Riff,JN"]
[Result "1-0"]
[WhiteElo "2431"]
[BlackElo "2435"]
[EventDate "2005.03.31"]

1. e4 c5 2. Nf3 d6 3. d4 Nf6 4. Nc3 cxd4 5. Nxd4 e6 6. Be2 Be7 7. Be3 Nc6
8. O-O O-O 9. f4 e5 10. Nxc6 bxc6 11. Kh1 exf4 12. Bxf4 Be6 13. Qd3 Ne8 14.
Rad1 Qa5 15. Qg3 Bf6 16. Bxd6 Nxd6 17. Rxf6 Nb5 18. Bxb5 cxb5 19. a3 b4 20.
axb4 Qxb4 21. b3 Rfd8 22. Rff1 h6 23. Nd5 Qc5 24. c4 Rac8 25. h3 Kh8 26.
Rd3 a5 27. Ra1 Ra8 28. Qe5 a4 29. Rg3 Rg8 30. Qc3 Bxd5 31. exd5 f6 32. b4
Qd6 33. Rd3 Rge8 34. c5 Qf4 35. d6 Re4 36. d7 Rd8 37. Rc1 Qc7 38. c6 Re5
39. Re3 a3 40. Rxe5 fxe5 41. Qxa3 1-0

[Event "ch-FRA Top 16 GpA"]
[Site "Noyon FRA"]
[Date "2005.04.02"]
[Round "6"]
[White "Lerch,P"]
[Black "Collas,S"]
[Result "0-1"]
[WhiteElo "2329"]
[BlackElo "2358"]
[EventDate "2005.03.31"]

1. e4 c5 2. Nc3 Nc6 3. g3 g6 4. Bg2 Bg7 5. d3 d6 6. Be3 Rb8 7. Qd2 b5 8.
Nge2 Nd4 9. O-O b4 10. Nd1 h5 11. h3 Bd7 12. f4 Qc8 13. Kh2 f5 14. Ng1 h4
15. c3 hxg3+ 16. Kxg3 Ne6 17. d4 bxc3 18. bxc3 Nf6 19. Nf2 g5 20. Ne2 Nh5+
21. Kh2 gxf4 22. Nxf4 Nexf4 23. Bxf4 Nxf4 24. Qxf4 cxd4 25. Nd3 dxc3 26.
exf5 Rb5 27. Rae1 Bf6 28. Qxd6 Qb8 29. Qxb8+ Rxb8 30. Nc5 Rb2 31. Kh1 Bb5
32. Rf4 c2 33. Rfe4 Rb1 34. Nb3 Bc6 35. R4e3 Rxh3+ 36. Rxh3 Rxe1+ 37. Kh2
Be5+ 0-1

[Event "ch-FRA Top 16 GpA"]
[Site "Noyon FRA"]
[Date "2005.04.02"]
[Round "6"]
[White "Sanchez,Lo"]
[Black "Muller,A"]
[Result "1-0"]
[WhiteElo "2291"]
[BlackElo "2181"]
[EventDate "2005.03.31"]

1. e4 c5 2. Nf3 d6 3. d4 cxd4 4. Nxd4 Nf6 5. Nc3 Nc6 6. f3 e5 7. Nb3 Be7 8.
Be3 Be6 9. Qe2 O-O 10. O-O-O Na5 11. Kb1 Nc4 12. Bc1 Qc7 13. g4 Rfc8 14. g5
Nh5 15. Nd5 Bxd5 16. exd5 b5 17. Qe4 a5 18. Bh3 Re8 19. Bg4 Nf4 20. Bxf4
exf4 21. Qxf4 a4 22. Nd4 Qc5 23. h4 Bf8 24. h5 Qb4 25. Qc1 a3 26. b3 Ne3
27. g6 Nxd1 28. gxf7+ Kxf7 29. Be6+ Rxe6 30. dxe6+ Kg8 31. Rxd1 Rc8 32. Qe3
Be7 33. Nf5 Rc7 34. h6 g6 35. Qb6 Qc3 36. Nxe7+ Kf8 37. Nxg6+ hxg6 38. e7+
Ke8 39. Qxb5+ Kxe7 40. Qg5+ Kd7 41. Qc1 Qxf3 42. Rf1 Qc6 43. Rf7+ Kc8 44.
h7 Qe8 45. Qxa3 1-0

[Event "ch-FRA Top 16 GpA"]
[Site "Noyon FRA"]
[Date "2005.04.02"]
[Round "6"]
[White "Gouliev,N"]
[Black "Magem Badals,J"]
[Result "0-1"]
[WhiteElo "2514"]
[BlackElo "2485"]
[EventDate "2005.03.31"]

1. e4 e5 2. Nf3 d6 3. d4 Nf6 4. Nc3 Nbd7 5. Be2 Be7 6. O-O O-O 7. a4 c6 8.
a5 Rb8 9. Be3 Ng4 10. Bd2 b5 11. d5 Bb7 12. b4 a6 13. dxc6 Bxc6 14. Bd3
Ngf6 15. Re1 Qc7 16. Nh4 g6 17. Qf3 Rfe8 18. g4 Nf8 19. g5 N6d7 20. Ng2 Qd8
21. h4 Ne6 22. Qg4 Nd4 23. Rad1 Rf8 24. Nd5 f5 25. gxf6 Nxf6 26. Nxf6+ Rxf6
27. f4 Qd7 28. Qg3 exf4 29. Bxf4 Rxf4 30. Nxf4 Bxh4 31. Qg2 Bxe1 32. Rxe1
Rf8 33. Rf1 Ne6 34. Qg4 Nxf4 35. Rxf4 Qxg4+ 36. Rxg4 Kg7 37. Rg2 Rf4 38.
Re2 Kf6 39. c4 bxc4 40. Bxc4 Bb7 41. b5 axb5 42. Bxb5 Rxe4 43. a6 Rb4 44.
Bd3 Bd5 45. Re8 Ra4 46. Kf2 Ra3 47. Ke2 h5 48. Rd8 Ke5 49. Bxg6 h4 50. Rh8
h3 51. Rh5+ Kd4 52. Rh4+ Kc5 53. Bc2 Bc4+ 54. Ke1 Bxa6 55. Bf5 Ra1+ 56. Kd2
Ra2+ 57. Kc1 h2 58. Be4 d5 59. Rh5 Bc4 60. Bc2 Ra1+ 0-1

[Event "ch-FRA Top 16 GpA"]
[Site "Noyon FRA"]
[Date "2005.04.02"]
[Round "6"]
[White "Marcelin,C"]
[Black "Pinter,J"]
[Result "1/2-1/2"]
[WhiteElo "2464"]
[BlackElo "2535"]
[EventDate "2005.03.31"]

1. d4 Nf6 2. c4 e6 3. Nf3 c5 4. e3 b6 5. Bd3 Bb7 6. O-O Be7 7. Nc3 cxd4 8.
exd4 O-O 9. Bg5 d6 10. Re1 Nbd7 11. Rc1 Re8 12. h3 Rc8 13. a3 Nf8 14. b4
Ng6 15. Nh4 Nd5 16. Bxe7 Ndxe7 17. Nxg6 hxg6 18. Bf1 Nf5 19. d5 e5 20. a4
a5 21. Rb1 Ba6 22. bxa5 bxa5 23. Nb5 Bxb5 24. axb5 Qb6 25. Ra1 Ra8 26. Ra4
e4 27. Qd2 Re7 28. Rea1 e3 29. fxe3 Nxe3 30. Qf2 Re5 31. R1a3 Rae8 32. Rxa5
Rf5 33. Ra8 Rxf2 34. Rxe8+ Kh7 35. Raxe3 Rd2 36. Kh2 f5 37. Re2 Rd1 38. Re1
Rxe1 39. Rxe1 Qf2 40. Rb1 Qc2 41. Re1 Qc3 42. Rb1 Qc2 43. Re1 Qd2 44. Rb1
Qa2 45. Rb4 Qa5 46. Rb1 Qa2 47. Rb4 Qa5 48. Rb1 Qa2 1/2-1/2

[Event "ch-FRA Top 16 GpA"]
[Site "Noyon FRA"]
[Date "2005.04.02"]
[Round "6"]
[White "Galdunts,S"]
[Black "Adla,D"]
[Result "1-0"]
[WhiteElo "2489"]
[BlackElo "2485"]
[EventDate "2005.03.31"]

1. e4 e5 2. Nf3 Nc6 3. Bb5 Nf6 4. d3 d6 5. c3 g6 6. O-O Bg7 7. Re1 O-O 8.
h3 Bd7 9. Ba4 Qe8 10. Bb3 Kh8 11. d4 Nh5 12. Be3 f5 13. exf5 e4 14. Ng5
Bxf5 15. d5 Ne5 16. Bc2 Nc4 17. Bc1 e3 18. Bxe3 Nxb2 19. Qe2 Nf4 20. Bxf4
Bxc2 21. Be3 Nd3 22. Rf1 Qa4 23. Ne6 Rf7 24. Nxg7 Kxg7 25. Na3 Qxa3 26.
Qxc2 Nf4 27. Qd2 Raf8 28. g3 Nxh3+ 29. Kg2 Nxf2 30. Rxf2 Rxf2+ 31. Bxf2 Kg8
32. Re1 Qa4 33. Qe2 1-0

[Event "ch-FRA Top 16 GpA"]
[Site "Noyon FRA"]
[Date "2005.04.02"]
[Round "6"]
[White "Nguyen Chi Minh"]
[Black "Wagner,Cl"]
[Result "0-1"]
[WhiteElo "2370"]
[BlackElo "2375"]
[EventDate "2005.03.31"]

1. d4 d5 2. c4 c6 3. Nc3 Nf6 4. Nf3 dxc4 5. a4 Bf5 6. Ne5 Nbd7 7. Nxc4 Nb6
8. Ne5 a5 9. f3 Nfd7 10. Nxd7 Nxd7 11. e4 Bg6 12. f4 e6 13. Be3 Qb6 14. Qc2
Bb4 15. f5 Bh5 16. Be2 Bxe2 17. fxe6 fxe6 18. Qxe2 O-O 19. Bf2 c5 20. dxc5
Bxc5 21. O-O Rxf2 22. Rxf2 Rf8 23. Raf1 Ne5 24. g3 Rxf2 25. Rxf2 Ng4 0-1

[Event "ch-FRA Top 16 GpA"]
[Site "Noyon FRA"]
[Date "2005.04.02"]
[Round "6"]
[White "Clery,N"]
[Black "Mensch,E"]
[Result "1/2-1/2"]
[WhiteElo "2327"]
[BlackElo "2360"]
[EventDate "2005.03.31"]

1. d4 Nf6 2. c4 g6 3. Nc3 Bg7 4. e4 d6 5. Nf3 O-O 6. Be2 c5 7. d5 e6 8. Nd2
Re8 9. O-O Na6 10. Kh1 Nc7 11. f3 Rb8 12. a4 b6 13. Re1 a6 14. Rb1 exd5 15.
cxd5 b5 16. axb5 axb5 17. b4 Nh5 18. Rb3 Be5 19. Nf1 Qf6 20. Bd2 c4 21. Ra3
Bd7 22. g3 Ra8 23. Rxa8 Rxa8 24. Qc1 Bh3 25. f4 Bd4 26. Bf3 Qd8 27. Ne3 Qd7
28. Bxh5 gxh5 29. f5 Qe7 30. Ng2 Bxg2+ 31. Kxg2 h4 32. Bg5 f6 33. Bf4 Kf7
34. Kf3 Re8 35. Qd2 Bxc3 36. Qxc3 Nxd5 37. Qd2 Nxf4 38. gxf4 Kg8 39. Qd5+
Kh8 40. Qxb5 Qf7 41. Qc6 d5 42. b5 h3 43. Kf2 d4 44. b6 c3 45. Ra1 Rg8 46.
b7 Rg2+ 47. Kf1 Rg1+ 48. Kf2 1/2-1/2

[Event "ch-FRA Top 16 GpA"]
[Site "Noyon FRA"]
[Date "2005.04.02"]
[Round "6"]
[White "Milliet,S"]
[Black "Carton,C"]
[Result "1-0"]
[WhiteElo "2309"]
[BlackElo "2223"]
[EventDate "2005.03.31"]

1. e4 e6 2. d4 d5 3. e5 c5 4. c3 Nc6 5. Nf3 Bd7 6. Be2 f6 7. O-O fxe5 8.
Nxe5 Nxe5 9. dxe5 Qc7 10. c4 Qxe5 11. Bh5+ g6 12. Bf3 O-O-O 13. Re1 Qd6 14.
Nc3 Ne7 15. Bg5 d4 16. Ne4 Qc7 17. b4 Re8 18. Nxc5 Nc6 19. Nxd7 Qxd7 20. b5
Nd8 21. Qe2 Bc5 22. Bf4 Nf7 23. Bg4 Bd6 24. Bxd6 Qxd6 25. c5 Qc7 26. c6 Kb8
27. cxb7 Qxb7 28. Bf3 Qb6 29. a4 Nd6 30. Qe5 Rhf8 31. a5 Qd8 32. b6 axb6
33. axb6 Rxf3 34. gxf3 h6 35. f4 Kb7 36. Ra7+ Kb8 37. Qa5 1-0

[Event "ch-FRA Top 16 GpA"]
[Site "Noyon FRA"]
[Date "2005.04.02"]
[Round "6"]
[White "Rocha,S"]
[Black "Motwani,P"]
[Result "1/2-1/2"]
[WhiteElo "2400"]
[BlackElo "2543"]
[EventDate "2005.03.31"]

1. e4 e6 2. d4 d5 3. Nc3 Bb4 4. e5 c5 5. a3 Bxc3+ 6. bxc3 Qc7 7. Qg4 f5 8.
Qg3 cxd4 9. cxd4 Ne7 10. Bd2 O-O 11. Bd3 b6 12. Ne2 Ba6 13. Nf4 Qd7 14.
Bxa6 Nxa6 15. Qd3 Nb8 16. a4 Rc8 17. h4 Rc4 18. Rh3 Nbc6 19. c3 Na5 20. Qb1
Rc6 21. Qd1 Qe8 22. Rg3 Qf7 23. Nh5 Ng6 24. Kf1 Rac8 25. Nxg7 Qxg7 26. h5
Kf7 27. hxg6+ 1/2-1/2

[Event "ch-FRA Top 16 GpA"]
[Site "Noyon FRA"]
[Date "2005.04.02"]
[Round "6"]
[White "Varoquier,R"]
[Black "Saatdjian,T"]
[Result "0-1"]
[WhiteElo "1920"]
[BlackElo "2082"]
[EventDate "2005.03.31"]

1. e4 c5 2. c4 Nc6 3. Nc3 g6 4. g3 Bg7 5. Bg2 e6 6. Nge2 Nge7 7. O-O O-O 8.
a3 d6 9. Rb1 a6 10. b4 Nd4 11. bxc5 dxc5 12. Na4 Qc7 13. Nb6 Rb8 14. d3
Nec6 15. Nf4 Rd8 16. h4 Bd7 17. Bh3 Be8 18. Be3 Rd6 19. g4 Ne5 20. f3 Rxb6
0-1

[Event "ch-FRA Top 16 GpA"]
[Site "Noyon FRA"]
[Date "2005.04.02"]
[Round "6"]
[White "Fressinet,L"]
[Black "Libiszewski,F"]
[Result "1-0"]
[WhiteElo "2638"]
[BlackElo "2415"]
[EventDate "2005.03.31"]

1. e4 e6 2. d4 d5 3. Nc3 Nf6 4. Bg5 Bb4 5. e5 h6 6. Be3 Ne4 7. Qg4 Kf8 8.
a3 Bxc3+ 9. bxc3 c5 10. Bd3 Nxc3 11. dxc5 Nc6 12. Nf3 f5 13. Qh5 Bd7 14. g4
Be8 15. Qh3 d4 16. Bf4 fxg4 17. Qxg4 g5 18. Rg1 Bf7 19. h4 gxf4 20. Qg7+
Ke7 21. Qf6+ Kd7 22. Qxf7+ Qe7 23. Qxe7+ Nxe7 24. Nxd4 Rac8 25. Nb3 Rcg8
26. Kd2 Ned5 27. Nd4 h5 28. Rg5 Rxg5 29. hxg5 h4 30. g6 h3 31. Rh1 Ke7 32.
c6 bxc6 33. Nxc6+ Kf8 34. Nd4 Ke7 35. Nc6+ Kf8 36. Nxa7 Rh5 37. Nc6 Rg5 38.
Nb4 1-0

[Event "ch-FRA Top 16 GpA"]
[Site "Noyon FRA"]
[Date "2005.04.03"]
[Round "7"]
[White "Landa,K"]
[Black "Sokolov,And1"]
[Result "1/2-1/2"]
[WhiteElo "2574"]
[BlackElo "2582"]
[EventDate "2005.03.31"]

1. e4 c5 2. Nf3 e6 3. g3 Nc6 4. Bg2 d5 5. exd5 exd5 6. d4 Nf6 7. O-O cxd4
8. Nxd4 Be7 9. c4 O-O 10. cxd5 Nxd5 11. Nxc6 bxc6 12. Qa4 Be6 1/2-1/2

[Event "ch-FRA Top 16 GpA"]
[Site "Noyon FRA"]
[Date "2005.04.03"]
[Round "7"]
[White "Dautov,R"]
[Black "Philippe,C"]
[Result "1-0"]
[WhiteElo "2609"]
[BlackElo "2374"]
[EventDate "2005.03.31"]

1. d4 f5 2. g3 Nf6 3. Bg2 g6 4. Nf3 Bg7 5. b4 d5 6. O-O c6 7. Nbd2 O-O 8.
c4 dxc4 9. Nxc4 Be6 10. Qd3 Bd5 11. Bb2 Na6 12. a3 Nc7 13. Rac1 Qe8 14. Na5
Rb8 15. Ne5 Bxg2 16. Kxg2 Ncd5 17. e3 Nd7 18. Qb3 Nxe5 19. dxe5 Qf7 20. Kg1
e6 21. Bd4 a6 22. f3 Rfd8 23. Nc4 g5 24. Nd6 Qg6 25. Kh1 g4 26. f4 Bf8 27.
a4 Ra8 28. Nxb7 Rdb8 29. Nd6 Rxb4 30. Qc2 Ne7 31. Bc5 Rbb8 32. Rb1 Qh6 33.
e4 Qh3 34. Qa2 Qh6 35. exf5 Nd5 36. fxe6 Nc3 37. Qc4 Nxb1 38. e7+ Kg7 39.
Nf5+ 1-0

[Event "ch-FRA Top 16 GpA"]
[Site "Noyon FRA"]
[Date "2005.04.03"]
[Round "7"]
[White "Chuchelov,V"]
[Black "Rocha,S"]
[Result "0-1"]
[WhiteElo "2571"]
[BlackElo "2400"]
[EventDate "2005.03.31"]

1. Nf3 d5 2. d4 Nf6 3. c4 e6 4. Nc3 Be7 5. Bg5 O-O 6. e3 h6 7. Bh4 Ne4 8.
Bxe7 Qxe7 9. Rc1 Nxc3 10. Rxc3 c6 11. Qc2 Nd7 12. Bd3 dxc4 13. Bxc4 e5 14.
O-O e4 15. Nd2 Nf6 16. Bb3 Bg4 17. Rc1 Rae8 18. Rc5 Nd7 19. Ra5 a6 20. Bc4
Qb4 21. Qc3 Qe7 22. Qc2 Qb4 23. Ra3 Qe7 24. h3 Bh5 25. Rb3 Nf6 26. Bf1 Rd8
27. Qc5 Rd7 28. Nc4 Re8 29. Ne5 Qxc5 30. Rxc5 Rc7 31. Bc4 Kf8 32. g4 Bg6
33. Rc3 Bh7 34. Ra5 Ree7 35. Bb3 Nd7 36. Nc4 f6 37. Nd6 Nb6 38. Rac5 Bg8
39. Nf5 Red7 40. Kg2 Bxb3 41. Rxb3 Nd5 42. h4 g6 43. Ng3 Re7 44. Rc1 Re8
45. Rh1 h5 46. gxh5 gxh5 47. Nxh5 f5 48. Re1 Kf7 49. Ng3 Kf6 50. Ra3 Rh7
51. h5 Kg5 52. Ra5 Kg4 53. Rc5 Re6 54. Rg1 f4 55. Nxe4 Rxh5 56. Kf1+ Kf5
57. Nc3 Rh2 58. e4+ Rxe4 59. Nxe4 Kxe4 60. Rg7 Kf3 61. Kg1 Rxf2 62. Rxb7
Ne3 63. Rb3 Rd2 64. Rxc6 Rxd4 65. Rxa6 Rd8 66. Rh6 Rd1+ 67. Kh2 Kf2 68. Rh4
f3 69. a4 Rg1 70. a5 Nf1+ 0-1

[Event "ch-FRA Top 16 GpA"]
[Site "Noyon FRA"]
[Date "2005.04.03"]
[Round "7"]
[White "Riff,JN"]
[Black "Spielmann,Al"]
[Result "1/2-1/2"]
[WhiteElo "2435"]
[BlackElo "2249"]
[EventDate "2005.03.31"]

1. e4 c6 2. Nc3 d5 3. Nf3 dxe4 4. Nxe4 Nf6 5. Nxf6+ exf6 6. d4 Bd6 7. Be2
O-O 8. O-O Bg4 9. c4 Nd7 10. h3 Bh5 11. Be3 f5 12. Ne1 Bxe2 13. Qxe2 f4 14.
Bd2 Re8 15. Qf3 Qh4 16. Qb3 Rab8 17. Nf3 Qf6 18. Rfe1 g5 19. Bb4 h6 20. Qa3
Bxb4 21. Qxb4 1/2-1/2

[Event "ch-FRA Top 16 GpA"]
[Site "Noyon FRA"]
[Date "2005.04.03"]
[Round "7"]
[White "Franc,N"]
[Black "Roser,K"]
[Result "0-1"]
[WhiteElo "2067"]
[BlackElo "2346"]
[EventDate "2005.03.31"]

1. e4 c5 2. Nf3 Nc6 3. d4 cxd4 4. Nxd4 Nf6 5. Nc3 d6 6. Be2 e5 7. Nb3 Be7
8. O-O O-O 9. Kh1 a5 10. a4 Nb4 11. Nd2 Be6 12. Nc4 Rc8 13. Ne3 Rc5 14. f4
exf4 15. Rxf4 g6 16. Nb5 g5 17. Rxf6 Bxf6 18. Nxd6 Qc7 19. c3 Nc6 20. Nef5
Rd8 21. Qf1 Ne7 22. Be3 Rc6 23. Bb5 Nxf5 24. Nxf5 Bc4 25. Nh6+ Kg7 26. Nf5+
Kf8 27. Qf2 Bxb5 28. axb5 Re6 29. h4 gxh4 30. Bh6+ Kg8 31. Qf3 Kh8 32. Rf1
Rde8 33. Bf4 Be5 34. Bxe5+ Qxe5 35. Nd4 Rg6 36. Qxf7 Qxe4 37. Qf3 Qxf3 38.
Rxf3 Rg3 39. Rf2 h3 40. gxh3 Rxh3+ 41. Kg2 Rhe3 42. Rf7 R3e7 43. Rf5 Kg7
44. b6 Re5 45. Rf1 Rg5+ 46. Kh3 Rg6 47. Nf5+ Kg8 48. Ra1 Re5 49. Nh4 Rxb6
50. Nf3 Rd5 0-1

[Event "ch-FRA Top 16 GpA"]
[Site "Noyon FRA"]
[Date "2005.04.03"]
[Round "7"]
[White "Pinter,J"]
[Black "Maze,S"]
[Result "0-1"]
[WhiteElo "2535"]
[BlackElo "2455"]
[EventDate "2005.03.31"]

1. d4 e6 2. Nf3 c5 3. e3 Nf6 4. c4 b6 5. Nc3 d6 6. d5 e5 7. Bd3 g6 8. Nd2
Bg7 9. Qa4+ Bd7 10. Qc2 O-O 11. O-O Nh5 12. Be2 f5 13. Bxh5 gxh5 14. f4 e4
15. b3 Rf6 16. Bb2 Rg6 17. Rf2 Na6 18. a3 Kh8 19. Rb1 Qe7 20. Nf1 Rg8 21.
Qe2 h4 22. h3 Be8 23. Na2 Bxb2 24. Qxb2+ R6g7 25. Qc3 Bh5 26. Rbb2 Nb8 27.
b4 Nd7 28. Nc1 Nf6 29. bxc5 bxc5 30. Rbd2 Rg6 31. Qb2 Qg7 32. Nb3 Rb8 33.
Qc2 Bf3 34. Nc1 Nh5 35. Na2 Ng3 36. Nc3 Nxf1 37. Kxf1 Bh5 38. Qc1 Rg3 39.
Rb2 Rg8 40. Ke1 Bf3 41. Nb5 Bxg2 42. Nxd6 Bf3 43. Rf1 Qf6 44. Rb7 Bh5 45.
Nxf5 Rxh3 46. Qb2 Qxb2 47. Rxb2 Bg4 48. Nh6 Rxe3+ 49. Kd2 Re2+ 50. Kc3 Rxb2
51. Kxb2 Rb8+ 52. Kc3 Bf3 53. Nf7+ Kg7 54. Ng5 Kf6 55. Nxf3 exf3 56. Rxf3
Kf5 57. Rf1 h3 58. Kd3 Rb3+ 59. Ke2 Ke4 60. Kf2 Rf3+ 61. Ke2 Rxa3 62. Kf2
Rf3+ 63. Ke2 Rxf1 64. Kxf1 Kf5 65. Kg1 a5 0-1

[Event "ch-FRA Top 16 GpA"]
[Site "Noyon FRA"]
[Date "2005.04.03"]
[Round "7"]
[White "Hamdouchi,H"]
[Black "Galdunts,S"]
[Result "1/2-1/2"]
[WhiteElo "2555"]
[BlackElo "2489"]
[EventDate "2005.03.31"]

1. e4 e5 2. Nf3 Nc6 3. Bb5 a6 4. Ba4 Nf6 5. O-O Be7 6. Re1 b5 7. Bb3 d6 8.
c3 O-O 9. h3 Na5 10. Bc2 c5 11. d3 Nc6 12. Nbd2 Re8 13. Nf1 h6 14. a3 Bf8
15. d4 cxd4 16. cxd4 exd4 17. Nxd4 Nxd4 18. Qxd4 Bb7 19. Ng3 Rc8 20. Bd3 d5
21. e5 Ne4 22. b4 g6 23. Bb2 Bg7 24. Nxe4 dxe4 25. Bxe4 Qxd4 26. Bxd4 Bxe4
27. Rxe4 Rc4 28. f3 Rd8 29. Bb6 Rxe4 30. Bxd8 Bxe5 31. Ra2 Re1+ 32. Kf2 Ra1
33. Rxa1 Bxa1 34. Ke3 f5 35. Bb6 Bb2 36. Bd4 Bxa3 37. Bc3 Kf7 38. Kd4 Ke6
39. Bd2 Bb2+ 40. Kc5 Bg7 41. g4 fxg4 42. fxg4 g5 43. Kc6 Bd4 44. Be1 Ke5
45. h4 gxh4 46. Bxh4 Kf4 47. Be7 Kxg4 1/2-1/2

[Event "ch-FRA Top 16 GpA"]
[Site "Noyon FRA"]
[Date "2005.04.03"]
[Round "7"]
[White "Libiszewski,F"]
[Black "Gouliev,N"]
[Result "0-1"]
[WhiteElo "2415"]
[BlackElo "2514"]
[EventDate "2005.03.31"]

1. e4 c5 2. Nf3 d6 3. d4 cxd4 4. Nxd4 Nf6 5. Nc3 a6 6. Be2 e5 7. Nb3 Be7 8.
Bg5 Be6 9. Bxf6 Bxf6 10. Qd3 O-O 11. O-O-O Be7 12. Nd5 Bg5+ 13. Kb1 Nc6 14.
h4 Bxh4 15. g3 Bf6 16. Qf3 Bg5 17. Qh5 Bh6 18. f4 Re8 19. f5 Bxd5 20. Rxd5
Qf6 21. a4 Rad8 22. Bc4 Nb4 23. Rdd1 Rc8 24. Na5 b6 25. Nb7 Rxc4 26. Nxd6
Rxc2 27. Nxe8 Qc6 28. Nf6+ Qxf6 29. Rd7 Rc8 30. Rhd1 Be3 31. Qf3 Bd4 32.
Qb3 a5 33. g4 h6 34. g5 hxg5 35. Qh3 Qc6 0-1

[Event "ch-FRA Top 16 GpA"]
[Site "Noyon FRA"]
[Date "2005.04.03"]
[Round "7"]
[White "Prie,E"]
[Black "Wagner,Cl"]
[Result "1-0"]
[WhiteElo "2439"]
[BlackElo "2375"]
[EventDate "2005.03.31"]

1. d4 d5 2. a3 Nf6 3. Nf3 g6 4. c3 Bg7 5. Bf4 O-O 6. e3 c5 7. Nbd2 b6 8. h3
Bb7 9. Be2 Nc6 10. Qb3 Ne4 11. Rd1 Nxd2 12. Rxd2 c4 13. Qc2 Na5 14. Bd1 Bc8
15. Qb1 Bf5 16. Bc2 Bxc2 17. Qxc2 Nc6 18. e4 e6 19. O-O dxe4 20. Qxe4 Ne7
21. Ne5 Qd5 22. Qe2 b5 23. Re1 Rad8 24. Ng4 h5 25. Ne5 Nc6 26. Nf3 Rd7 27.
Ng5 Qf5 28. Qf3 e5 29. Qxc6 exf4 30. Nf3 Rfd8 31. Rde2 Qd5 32. Re8+ Bf8 33.
Qf6 Qd6 34. Qg5 Rxe8 35. Rxe8 Re7 36. Rxe7 Qxe7 37. Qxb5 Qe2 38. Qb8 Qd1+
39. Kh2 Qe2 40. d5 Qd3 41. Qd8 Kg7 42. Qd7 Qe2 43. Qxa7 Bd6 44. Qb6 Be7 45.
d6 Bf6 46. d7 Qd3 47. Nd4 Bh4 48. Nf3 Bf6 49. Qd4 Bxd4 50. cxd4 1-0

[Event "ch-FRA Top 16 GpA"]
[Site "Noyon FRA"]
[Date "2005.04.03"]
[Round "7"]
[White "Heinz,Ti"]
[Black "Flear,C"]
[Result "1/2-1/2"]
[WhiteElo "2198"]
[BlackElo "2245"]
[EventDate "2005.03.31"]

1. e4 c5 2. Nf3 e6 3. d4 cxd4 4. Nxd4 a6 5. c4 Nf6 6. Nc3 Qc7 7. a3 d6 8.
Be2 Nbd7 9. O-O b6 10. Be3 Bb7 11. f3 Be7 12. Qd2 Rc8 13. a4 Ne5 14. Rfc1
Qb8 15. b3 O-O 16. a5 bxa5 17. Na4 Qc7 18. Bf4 Nfd7 19. Rab1 Nc5 20. Kh1
Rfe8 21. Nxc5 dxc5 22. Nc2 Red8 23. Qe1 Bd6 24. Be3 Nc6 25. Qf2 Bf4 26. Rd1
Bxe3 27. Qxe3 Qb6 28. Qc3 Nb4 29. Kg1 h6 30. h3 Qc7 31. Kf2 Nxc2 32. Qxc2
Qe5 33. Ra1 Rd4 34. Rxa5 Rcd8 35. Raa1 Qd6 36. Rab1 e5 37. Qc3 Qf6 38. Kg1
Qf4 39. b4 cxb4 40. Qxb4 Qe3+ 41. Kf1 R8d7 42. Qa5 Qf4 43. Kg1 Rd2 44. Rxd2
Rxd2 45. Re1 Qe3+ 46. Kf1 Qd4 47. Qa1 Qc5 48. Rd1 Rxd1+ 49. Qxd1 a5 50.
Qd8+ Kh7 51. Qd7 Bc8 52. Qb5 Qc7 53. c5 a4 54. Qxa4 Qxc5 55. Qc4 1/2-1/2

[Event "ch-FRA Top 16 GpA"]
[Site "Noyon FRA"]
[Date "2005.04.03"]
[Round "7"]
[White "Rowson,J"]
[Black "Tregubov,P"]
[Result "1/2-1/2"]
[WhiteElo "2572"]
[BlackElo "2629"]
[EventDate "2005.03.31"]

1. d4 d5 2. Bf4 c6 3. e3 Bf5 4. c4 Bxb1 5. Rxb1 Nf6 6. c5 Nbd7 7. Bd3 g6 8.
Nf3 Bg7 9. h3 O-O 10. b4 a6 11. O-O Re8 12. Bh2 Nf8 13. Re1 N6d7 14. e4
dxe4 15. Bxe4 Nf6 16. Bd3 Nd5 17. Bc4 b5 18. cxb6 Qxb6 19. Be5 1/2-1/2